000 00973nam a2200253Ia 4500
003 OSt
005 20220923211602.0
006 a|||||r|||| 00| 0
007 ta
008 220922b |||||||| |||| 00| 0 hin d
020 _a9789387199118 (hbk)
_c700
024 _a353,500
037 _b265, 20/12/2019, Eastern Book Linkers
_cTextual
040 _aARTS
_cARTS
_bhin
041 _2hin
_ahin
082 _aWv2, 152Q9
100 _aत्रिपाठी, हिमांशुशेखर, ले.
_9160880
245 0 _aस्मृतियों में निरूपित राजशास्त्र
246 _aSmṛutiyoan mean nirūpit rājashāstra
260 _aवाराणसी
_b कला प्रकाशन
_c2019
300 _a228पृ.
_ccm.
942 _hWv2, 152Q9
_cTEXL
_2CC
999 _c301062
_d301062